Volejte linku důvěry! : co s krizemi, které nás potkávají /

Hlavní autor: Eis, Zdeněk, 1930-
Jazyk: Čeština
Vydáno: Jinočany : H & H, 1993
Vydání: 1. vyd.
Témata:
Fyzický popis: 122 s.
Knihy
Uloženo v:
LEADER 01203nam a22003372a 4500
001 000049637
003 CZ BrMZK
005 20231106125803.0
008 951201s1993 xr f cze d
015 |a cnb000076697 
020 |a 80-85467-20-8 
035 |a (OCoLC)39580753 
040 |a BOA001  |b cze 
080 |a 615.851  |2 MRF 
080 |a 159.922.2  |2 MRF 
080 |a 159.942.5:159.913  |2 MRF 
100 1 |a Eis, Zdeněk,  |d 1930-  |7 jk01030355 
245 1 0 |a Volejte linku důvěry! :  |b co s krizemi, které nás potkávají /  |c Zdeněk Eis 
250 |a 1. vyd. 
260 |a Jinočany :  |b H & H,  |c 1993 
300 |a 122 s. 
504 |a Obsahuje bibliografii 
910 |a BOA001  |b PK-0122.841  |b 2-0990.350 
920 |a 000013488 
964 |a Linka důvěry - činnost - zkušenosti 
964 |a Psychoterapie - užití - linky důvěry 
964 |a Situace životní - problémy - vyrovnávání - pomoc - linky důvěry 
964 |a Zátěž psychická - studie 
990 |a BK 
996 6 |b 2610754822  |c 2-0990.350  |l MZK  |r Sklad / do 1 hodiny  |n 1  |p dar  |w 000049637  |u 000030  |a 1  |e BOA001  |j MZK50  |s P 
996 7 |b 3119979961  |c PK-0122.841  |l MZK  |r Sklad / do 1 hodiny  |n 38  |w 000049637  |u 000010  |a 1  |e BOA001  |j MZK50  |s A